000 00607nam a2200229Ia 4500
003 OSt
005 20221007074836.0
006 a|||||r|||| 00| 0
007 ta
008 221006b |||||||| |||| 00| 0 eng d
024 _a10,461
037 _cTextual
040 _aFLL
_cFLL
_beng
041 _2eng
_aeng
082 _aZz7, L5;2
100 _aIyer V.R. Krishna
245 0 _aLaw freedom and change
260 _aNew Delhi
_bAffiliated East-West Press Pvt. Ltd. India
_c1975
300 _a134p
_ccm.
942 _hZz7, L5;2
_cTEXL
_2CC
999 _c1153878
_d1153878